Australian 10 suurinta kaupunkia - Statistics

Yleistilastot
  • Tätä visaa on pelattu 44 kertaa
  • Keskiarvotulos 5 / 10
Vastaustilastot
Väestöstä Kaupunki % Oikein
5 231 147 Sydney
100%
4 917 750 Melbourne
88%
482 250 Canberra
78%
2 150 403 Perth
72%
1 383 209 Adelaide
59%
2 484 947 Brisbane
50%
706 673 Gold Coast
38%
509 894 Newcastle
25%
398 840 Sunshine Coast
16%
346 596 Central Coast
9%
Ehtoja vastaavia visoja ei löytynyt
Tulosjakauma
Jokaisen tuloksen saaneiden osuus
Persentiili vastausten määrän mukaan
Tuloshistoriasi
Et ole pelannut tätä visaa